Statistics for Rock Band 2 Game Setlist

Click here to take the quiz!

General Stats

  • This quiz has been taken 38 times
  • The average score is 34 of 76

Answer Stats

Song TitleArtist% Correct
"Livin' on a Prayer"Bon Jovi
84%
"Ace of Spades '08"Motörhead
81%
"Eye of the Tiger"Survivor
78%
"Battery"Metallica
72%
"Give It Away"Red Hot Chili Peppers
72%
"Go Your Own Way"Fleetwood Mac
69%
"Hungry Like The Wolf"Duran Duran
66%
"Aqualung"Jethro Tull
66%
"Carry On Wayward Son"Kansas
66%
"White Wedding (Part 1)"Billy Idol
63%
"One Way or Another"Blondie
63%
"Everlong"Foo Fighters
63%
"Chop Suey"System of a Down
63%
"American Woman"The Guess Who
63%
"Pinball Wizard"The Who
63%
"Bad Reputation"Joan Jett
59%
"Any Way You Want It"Journey
59%
"Drain You"Nirvana
59%
"Alive"Pearl Jam
59%
"Spoonman"Soundgarden
59%
"We Got the Beat"The Go-Go's
59%
"Down with the Sickness"Disturbed
56%
"Psycho Killer"Talking Heads
56%
"Ramblin' Man"The Allman Brothers Band
56%
"You Oughta Know"Alanis Morissette
53%
"Painkiller"Judas Priest
53%
"Come Out and Play (Keep 'Em Separated)"The Offspring
53%
"Let There Be Rock"AC/DC
50%
"Man in the Box"Alice in Chains
50%
"Testify"Rage Against The Machine
50%
"Almost Easy"Avenged Sevenfold
47%
"Tangled Up in Blue"Bob Dylan
47%
"Peace Sells"Megadeth
47%
"Float On"Modest Mouse
47%
"Round and Round"Ratt
47%
"The Middle"Jimmy Eat World
44%
"One Step Closer"Linkin Park
44%
"Nine in the Afternoon"Panic! at the Disco
44%
"Today"The Smashing Pumpkins
44%
"So What'cha Want"Beastie Boys
41%
"Feel the Pain"Dinosaur Jr.
41%
"Shackler's Revenge"Guns N' Roses
41%
"The Trees (Vault Edition)"Rush
38%
"Master Exploder"Tenacious D
38%
"E-Pro"Beck
34%
"Panic Attack"Dream Theater
34%
"Pump It Up"Elvis Costello
34%
"Mountain Song"Jane's Addiction
34%
"My Own Worst Enemy"Lit
34%
"Spirit in the Sky"Norman Greenbaum
34%
"That's What You Get"Paramore
34%
"Bodhisattva"Steely Dan
34%
"Lazy Eye"Silversun Pickups
31%
"I Was Wrong"Social Distortion
31%
"Rock'n Me"Steve Miller Band
31%
"Girl's Not Grey"AFI
28%
"Shooting Star"Bad Company
28%
"Rebel Girl"Bikini Kill
28%
"Hello There"Cheap Trick
28%
"Uncontrollable Urge"Devo
28%
"Pretend We're Dead"L7
28%
"Lump"Presidents of the United States of America
28%
"Give it All"Rise Against
28%
"Cool for Cats"Squeeze
28%
"Alabama Getaway"The Grateful Dead
28%
"Get Clean"Anarchy Club
25%
"Our Truth"Lacuna Coil
25%
"Colony of Birchmen"Mastodon
25%
"New Kid in School"The Donnas
25%
"Where'd You Go?"The Mighty Mighty Bosstones
25%
"PDA"Interpol
22%
"Teen Age Riot"Sonic Youth
22%
"Souls of Black"Testament
22%
"Kids in America"The Muffs
22%
"Alex Chilton"The Replacements
19%
"De-Luxe"Lush
16%

Score Distribution

Percentile by Number Answered

Percent of People with Each Score

Your Score History

You have not taken this quiz